000 01217cam a2200349Mi 4500
001 48035
005 20230410105518.0
008 051108s2005 fr 000 0 fre d
035 _a(OCoLC)ocm62895211
040 _aTZT
_cTZT
020 _a2200269617
020 _a9782200269616
029 0 _aTZT
_bJTL00168346
035 _a(OCoLC)62895211
082 1 0 _a330
050 1 4 _aHC 59.15
_bI31 2005
245 0 0 _aImages économiques du monde 2006 /
_ccollection fondée par André Gamblin et Jacqueline Beaujeu-Garnier, les auteurs Jeanne-Marie Amat-Roze, Céline Bayou... [et al.].
250 _a50 édition.
260 _aParis :
_bArmand Colin,
_c2005.
300 _a420 p.
500 _aTit. en portada : Images economiques du monde, panorama annuel 2006 : population aires régonales pays entreprises secteurs echanges
650 0 _aEconomic history
_y1990-
650 0 _aInternational economic relations.
700 1 _aGamblin, André.
700 1 _aBeaujeu-Garnier, Jacqueline.
700 1 _aAmat-Roze, Jeanne-Marie.
653 _aWorld economy
_aYearly
938 _aJean Touzot Libraire Editeur
_bTOUZ
_nJTL00168346
_c30 EUR
942 _2lcc
_cbk
946 _amjcruz
994 _aC0
_bDRFGD
999 _c38230
_d38230